[Event "Vienna op-B 14th"]
[Site "Vienna"]
[Date "2003.08.24"]
[Round "9"]
[White "Karaba, David"]
[Black "Miglitsch, Hannes"]
[Result "1/2-1/2"]
[WhiteElo "1821"]
[BlackElo "1957"]
[PlyCount "27"]
[EventDate "2003.08.16"]
[EventType "swiss"]
[EventRounds "9"]
[EventCountry "AUT"]
[SourceTitle "CBM 095 Extra"]
[Source "ChessBase"]
[SourceDate "2003.09.04"]
[SourceVersion "1"]
[SourceVersionDate "2003.09.04"]
[SourceQuality "1"]

1. e4 e5 2. Nf3 Nc6 3. Bc4 Bc5 4. c3 Nf6 5. d4 exd4 6. cxd4 Bb4+ 7. Nc3 Nxe4 8. 0-0 Bxc3 9. d5 Bf6 10. Re1 0-0 11. Rxe4 Ne7 12. Bg5 Bxg5 13. Nxg5 d6 14. Nxh7 1/2-1/2

[Event "Vienna op-B 14th"]
[Site "Vienna"]
[Date "2003.08.22"]
[Round "7"]
[White "Appel, Peter"]
[Black "Miglitsch, Hannes"]
[Result "1/2-1/2"]
[WhiteElo "1752"]
[BlackElo "1957"]
[PlyCount "91"]
[EventDate "2003.08.16"]
[EventType "swiss"]
[EventRounds "9"]
[EventCountry "AUT"]
[SourceTitle "CBM 095 Extra"]
[Source "ChessBase"]
[SourceDate "2003.09.04"]
[SourceVersion "1"]
[SourceVersionDate "2003.09.04"]
[SourceQuality "1"]

1. d4 e6 2. Nf3 d5 3. Bf4 Nf6 4. h3 c5 5. e3 a6 6. a4 b6 7. Nbd2 Nbd7 8. Bd3 Bb7 9. 0-0 Rc8 10. c3 Be7 11. Qe2 c4 12. Bc2 0-0 13. e4 dxe4 14. Nxe4 Nxe4 15. Bxe4 Bxe4 16. Qxe4 Nf6 17. Qe2 Nd5 18. Bg3 Bd6 19. Bxd6 Qxd6 20. g3 Rc7 21. Rfe1 Ne7 22. Qe5 Qd8 23. Qh5 h6 24. g4 Qd5 25. Qe5 Rd7 26. Nd2 Rc8 27. f4 Ng6 28. Qxd5 Rxd5 29. Rf1 Ra5 30. Ne4 Ne7 31. Kg2 Rc6 32. Rfe1 f6 33. Kf3 Kf7 34. h4 Ng6 35. Kg3 e5 36. fxe5 fxe5 37. h5 Nf4 38. Rf1 Ke7 39. dxe5 Nd3 40. Rf5 Rxe5 41. Rxe5+ Nxe5 42. Re1 Nd3 43. Re2 Re6 44. Kf3 Re5 45. Ke3 Ra5 46. Kd4 1/2-1/2

[Event "Vienna op-B 14th"]
[Site "Vienna"]
[Date "2003.08.21"]
[Round "6"]
[White "Miglitsch, Hannes"]
[Black "Steiner, Adam"]
[Result "1-0"]
[WhiteElo "1957"]
[BlackElo "1766"]
[PlyCount "55"]
[EventDate "2003.08.16"]
[EventType "swiss"]
[EventRounds "9"]
[EventCountry "AUT"]
[SourceTitle "CBM 095 Extra"]
[Source "ChessBase"]
[SourceDate "2003.09.04"]
[SourceVersion "1"]
[SourceVersionDate "2003.09.04"]
[SourceQuality "1"]

1. e4 c5 2. Nf3 Nc6 3. d4 cxd4 4. Nxd4 e5 5. Nb5 d6 6. N1c3 a6 7. Na3 b5 8. Nd5 Nge7 9. Be3 Nxd5 10. exd5 Ne7 11. c4 bxc4 12. Nxc4 Nf5 13. Bb6 Qd7 14. Rc1 Be7 15. Bd3 0-0 16. 0-0 Nh6 17. Be3 Bd8 18. Bxh6 gxh6 19. Qh5 Bb7 20. Bf5 Qe7 21. Qxh6 f6 22. Be6+ Kh8 23. Rc3 f5 24. Rg3 Bc7 25. Rg6 Rg8 26. Rxg8+ Rxg8 27. Bxg8 Kxg8 28. Rd1 1-0